000 00529nam a2200205Ia 4500
005 20231208100247.0
008 131103s9999 xx 000 0 und d
020 _a8125000801
040 _aLoreto College
041 _aEnglish
082 _a421.52
_bBAN
100 _aBansal,R.K.
245 _aSpoken English,
_cR.K.Bansal and J.B.Harrison
260 _aHyderabad
_bOrient Longman
_c1972
300 _axii,191 p.
_b ill.
504 _aIncludes bibliography
650 _aSpoken English
850 _aLCLIB
942 _cBK
999 _c6367
_d56846